Music Quiz

Random Music or Famous Quiz
Score 0/18 Timer 06:00
3 Plays Today
% Correct
James Brown
Eyed Girl
84.2%
Life On
Bruno Mars?
83.5%
All You Need Is
Courtney Love
81.6%
Every Axl Rose
Has Its Thorn
80.7%
Jailhouse
Kid Rock
79.6%
Donna Summer
of '69
73.2%
Go
Kanye West
72.9%
Jack White
Room
64.7%
We Are
Neil Young
62%
% Correct
Knock On
Ronnie Wood
60.7%
If I Were A
Karen Carpenter
59.5%
Al Green, Al Green
Grass Of Home
59.4%
Running Up That
Faith Hill
56.8%
Carly Simon
Says
55.4%
Take Me To
Charlotte Church
53.6%
Carole King
Of Pain
47.6%
Anita Baker
Street
45.6%
Cilla Black
Hole Sun
37.8%

You're not logged in!

Compare scores with friends on all Sporcle quizzes.
OR
Log In

Sporcle TV

Today on Sporcle TV


Watch our educational content, quiz creation guides, and fun videos on Sporcle TV.

Show Comments

Extras

Top Quizzes Today


Score Distribution

Paid Content

Your Account Isn't Verified!

In order to create a playlist on Sporcle, you need to verify the email address you used during registration. Go to your Sporcle Settings to finish the process.

Report this User

Report this user for behavior that violates our Community Guidelines.

Details: